000 01205njm a22002657a 4500
005 20100904154714.0
007 sd ammalaaahaa
008 100904t xxu||||| |||| 00| 0 hin d
028 _aN. 79020
_bHis Master's Voice
028 _aOJP. 1287
_bHis Master's Voice
028 _aOJP. 1290
_bHis Master's Voice
035 _aGR-647
040 _aSED/VEN
100 _aKausar Parveen
_91184
245 _aSaat Lakh Part 1:
_bHindustani /
_cby Kausar Parveen; Music by M. Rashid Attre; Lyric by Saifuddin Saif
_h[Sound Recording] :
246 _aसात लाख (कौसर परवीन)
260 _aDum Dum, India :
_bHis Master's Voice
300 _a1 sound disc [Gramophone Recording] :
_banalog, 33 1/3 rpm ;
_c10 in.
_fGramophone Records
500 _aBrief Records
505 _aयह तिरछी नज़र यह पतली कमर (सात लाख)(कौसर परवीन), यारों मुझे माफ़ रखो(सलीम राजा) Part 2
650 _aClassical Music
_xExcerpts
_zIndia
_918309
700 _918415
_aSalim Raja
942 _2ddc
_cGR
999 _c43845
_d43845